[Event "IECG CN.1998.0.00087"]
[Site "IECG email"]
[Date "1998.10.26"]
[Round "?"]
[White "Brown, Steven A"]
[Black "Kult, Kevin"]
[Result "1-0"]
[WhiteElo "800"]
[BlackElo "800"]
[PlyCount "53"]
[EventDate "1998.10.26"]
[EventType "tourn (corr)"]
[EventRounds "6"]
[SourceTitle "Corr 2008"]
[Source "ChessBase"]
[SourceDate "2008.06.24"]
[SourceVersion "1"]
[SourceVersionDate "2008.06.24"]
[SourceQuality "1"]

1. d4 d5 2. Nf3 Nf6 3. e3 Bf5 4. Bd3 e6 5. Bxf5 exf5 6. 0-0 Bd6 7. Qd3 Ne4 8. Qb5+ c6 9. Qxb7 Nd7 10. Qxc6 0-0 11. Qxd5 Be7 12. Qxf5 Ndf6 13. c4 Rc8 14. b3 Qd6 15. Ne5 Qb4 16. Ba3 Qa5 17. Nc6 Qc7 18. Nxe7+ Qxe7 19. Bxe7 Rfe8 20. f3 Nd2 21. Nxd2 Rc7 22. Bxf6 gxf6 23. Ne4 Kg7 24. Qxf6+ Kg8 25. Nd6 Rxe3 26. Nf5 Ree7 27. Qg7# 1-0

[Event "IECG CN.1998.0.00087"]
[Site "IECG email"]
[Date "1998.10.26"]
[Round "?"]
[White "Kult, Kevin"]
[Black "Parzefall, Jan"]
[Result "0-1"]
[WhiteElo "800"]
[BlackElo "931"]
[PlyCount "62"]
[EventDate "1998.10.26"]
[EventType "tourn (corr)"]
[EventRounds "6"]
[SourceTitle "Corr 2008"]
[Source "ChessBase"]
[SourceDate "2008.06.24"]
[SourceVersion "1"]
[SourceVersionDate "2008.06.24"]
[SourceQuality "1"]

1. e4 c5 2. Bc4 e6 3. Nf3 d5 4. Bb5+ Nc6 5. Nc3 a6 6. Bd3 d4 7. Ne2 Nb4 8. Ne5 Qc7 9. Nc4 b5 10. Na3 c4 11. c3 Nxd3+ 12. Kf1 Bb7 13. cxd4 Bxe4 14. Nc3 Nf6 15. f3 Bxa3 16. fxe4 Qf4+ 17. Qf3 Qxf3+ 18. gxf3 Bxb2 19. Bxb2 Nxb2 20. e5 Nh5 21. Rb1 Nd3 22. Rg1 0-0 23. Ne4 f6 24. f4 fxe5 25. dxe5 Ndxf4 26. a4 Nh3+ 27. Ke2 Nxg1+ 28. Rxg1 Rf5 29. d4 cxd3+ 30. Kxd3 Rxe5 31. Nd6 Rd5+ 0-1

[Event "IECG CN.1998.0.00087"]
[Site "IECG email"]
[Date "1998.10.26"]
[Round "?"]
[White "Sadler, Craig"]
[Black "Kult, Kevin"]
[Result "0-1"]
[WhiteElo "800"]
[BlackElo "800"]
[PlyCount "24"]
[EventDate "1998.10.26"]
[EventType "tourn (corr)"]
[EventRounds "6"]
[SourceTitle "Corr 2008"]
[Source "ChessBase"]
[SourceDate "2008.06.24"]
[SourceVersion "1"]
[SourceVersionDate "2008.06.24"]
[SourceQuality "1"]

1. e4 e5 2. Nf3 Nc6 3. Bb5 Nf6 4. 0-0 Bc5 5. c3 a6 6. Bxc6 bxc6 7. d4 Bb6 8. Nxe5 c5 9. Bg5 cxd4 10. cxd4 d6 11. Nc6 Qd7 12. f3 Qxc6 0-1